Top 10 US States by Highest Points - Statistics

General Stats
  • This quiz has been taken 31 times
  • The average score is 9 of 10
Answer Stats
Elevation (Feet) Answer % Correct
20,310 Alaska
100%
14,499 California
97%
12,804 Montana
97%
13,529 Utah
97%
14,406 Washington
97%
14,438 Colorado
93%
13,162 New Mexico
90%
13,810 Wyoming
90%
13,796 Hawaii
83%
13,141 Nevada
77%
No matching quizzes found
Score Distribution
Percent of People with Each Score
Percentile by Number Answered
Your Score History
You have not taken this quiz